000 00641nam a2200229Ia 4500
003 OSt
005 20220923225815.0
006 a|||||r|||| 00| 0
007 ta
008 220922b |||||||| |||| 00| 0 urd d
024 _a274,863
037 _cTextual
040 _aARTS
_cARTS
_burd
041 _2urd
_aurd
082 _aO168,1H80:g, 153K8
100 _aਸਿੰਘ, ਪਿਆਰਾ
245 0 _aਸਾਈ੍ਵ ਬੁੱਲ੍ਹੇFਾਰ
260 _c1968
650 _aਉਰਦੂ ਸਾਹਿਤ
942 _hO168,1H80:g, 153K8
_cTEXL
_2CC
999 _c380535
_d380535